Mathematical simulation and forecast of watercourse deformations of Tom river within the limits of Tomsk city (Western Siberia); Bulletin of the Tomsk Polytechnic University; Vol. 311, № 1
| Parent link: | Bulletin of the Tomsk Polytechnic University/ Tomsk Polytechnic University (TPU).— , 2006-2007 Vol. 311, № 1.— 2007.— [P. 110-114] |
|---|---|
| 1. Verfasser: | |
| Zusammenfassung: | Заглавие с титульного листа Электронная версия печатной публикации The mathematical model of watercourse deformations of Tom river within the limits of Tomsk city on river stretch 74,8...58,3 km from a mouth is developed and evaluated. Distribution of the intensity of vertical bottom deformations along the river, tractional and suspended discharge of the load is determined for periods of high, average and low water content. It is shown, that conserving natural and anthropogenic conditions of formation of sediment runoff of the river Tom within the limits of Tomsk city, formed in 2003-2006, definite river-bed level lowering is probable in the next decade and further forming of the island in the south part of a city. Effectiveness evaluation of channel dredging on the river Tom is carried out, and the forecast of watercourse deformations is given under different variants of anthropogenic impact on the stream |
| Sprache: | Englisch |
| Veröffentlicht: |
2007
|
| Schriftenreihe: | Geoecology |
| Schlagworte: | |
| Online-Zugang: | http://www.lib.tpu.ru/fulltext/v/Bulletin_TPU/2007/v311eng/i1/19.pdf |
| Format: | MixedMaterials Elektronisch Buchkapitel |
| KOHA link: | https://koha.lib.tpu.ru/cgi-bin/koha/opac-detail.pl?biblionumber=182519 |
MARC
| LEADER | 00000nla2a2200000 4500 | ||
|---|---|---|---|
| 001 | 182519 | ||
| 005 | 20231215122152.0 | ||
| 035 | |a (RuTPU)RU\TPU\book\197859 | ||
| 035 | |a RU\TPU\book\197858 | ||
| 090 | |a 182519 | ||
| 100 | |a 20100622d2007 k y0rusy50 ca | ||
| 101 | 1 | |a eng |c rus | |
| 102 | |a RU | ||
| 135 | |a drnn ---uucaa | ||
| 200 | 1 | |a Mathematical simulation and forecast of watercourse deformations of Tom river within the limits of Tomsk city (Western Siberia) |f O. G. Savichev | |
| 203 | |a Text |c electronic | ||
| 215 | |a 1 файл (473 Кб) | ||
| 225 | 1 | |a Geoecology | |
| 300 | |a Заглавие с титульного листа | ||
| 300 | |a Электронная версия печатной публикации | ||
| 320 | |a [Bibliography: p. 110 (4 titles)] | ||
| 330 | |a The mathematical model of watercourse deformations of Tom river within the limits of Tomsk city on river stretch 74,8...58,3 km from a mouth is developed and evaluated. Distribution of the intensity of vertical bottom deformations along the river, tractional and suspended discharge of the load is determined for periods of high, average and low water content. It is shown, that conserving natural and anthropogenic conditions of formation of sediment runoff of the river Tom within the limits of Tomsk city, formed in 2003-2006, definite river-bed level lowering is probable in the next decade and further forming of the island in the south part of a city. Effectiveness evaluation of channel dredging on the river Tom is carried out, and the forecast of watercourse deformations is given under different variants of anthropogenic impact on the stream | ||
| 337 | |a Adobe Reader | ||
| 461 | 1 | |0 (RuTPU)RU\TPU\book\169973 |t Bulletin of the Tomsk Polytechnic University |f Tomsk Polytechnic University (TPU) |d 2006-2007 | |
| 463 | 1 | |0 (RuTPU)RU\TPU\book\197808 |x 1684-8519 |t Vol. 311, № 1 |v [P. 110-114] |d 2007 |p 139 p. | |
| 610 | 1 | |a mathematical simulation | |
| 610 | 1 | |a watercourse deformations | |
| 610 | 1 | |a Tom | |
| 610 | 1 | |a mathematical models | |
| 610 | 1 | |a water content | |
| 610 | 1 | |a natural and anthropogenic conditions | |
| 610 | 1 | |a sediment runoff | |
| 610 | 1 | |a anthropogenic impacts | |
| 610 | 1 | |a труды учёных ТПУ | |
| 610 | 1 | |a электронный ресурс | |
| 675 | |a 55.42:57.4(571.1) |v 3 | ||
| 700 | 1 | |a Savichev |b O. G. |c geologist |c Professor of Tomsk Polytechnic University, doctor of geographical sciences |f 1967- |g Oleg Gennadievich |3 (RuTPU)RU\TPU\pers\34024 |9 17591 | |
| 801 | 1 | |a RU |b 63413507 |c 20090623 |g PSBO | |
| 801 | 2 | |a RU |b 63413507 |c 20151124 |g PSBO | |
| 856 | 4 | |u http://www.lib.tpu.ru/fulltext/v/Bulletin_TPU/2007/v311eng/i1/19.pdf | |
| 942 | |c CF | ||